Themed Daily Trivia Challenge #1 - Statistics

General Stats
  • This quiz has been taken 81 times
  • The average score is 5 of 10
Answer Stats
Question Answer % Correct
Where would you be most likely to see a mirage? Sahara Desert
90%
What's a Venetian Blind? A type of window shade
87%
What film studio is symbolized by a roaring lion? MGM
81%
P.T. Barnum founded a what? Circus
77%
What sport does Roberto Baggio play? Soccer
51%
What country can you find the city of Mandalay? Myanmar
50%
Which of these bands can be characterized as hard rock? The Jimi Hendrix Experience
31%
How did King Arthur get Excalibur It was given to him by a lake spirit
23%
What is considered the "world's greatest open-air museum?" Luxor
21%
What river did Julius Caesar build a bridge crossing? Rhine
13%
No matching quizzes found
Score Distribution
Percent of People with Each Score
Percentile by Number Answered
Your Score History
You have not taken this quiz